[Event "GER-chT9 KI-36 Br04 email"]
[Site "GER email"]
[Date "2011.10.17"]
[Round "?"]
[White "Schuster, Petra"]
[Black "Lorenz, Rudolf"]
[Result "1-0"]
[WhiteElo "1795"]
[BlackElo "1922"]
[PlyCount "101"]
[EventDate "2011.10.23"]
[EventType "tourn (corr)"]
[EventRounds "4"]
[EventCountry "GER"]
[SourceTitle "Corr 2015"]
[Source "ChessBase"]
[SourceDate "2015.07.17"]
[SourceVersion "1"]
[SourceVersionDate "2015.07.17"]
[SourceQuality "1"]

1. e4 c5 2. Nf3 d6 3. Nc3 Nf6 4. Bb5+ Bd7 5. Bxd7+ Qxd7 6. d4 e6 7. dxc5 dxc5 8. Qe2 Nc6 9. 0-0 Nd4 10. Nxd4 cxd4 11. Rd1 e5 12. Bg5 0-0-0 13. Qf3 Qe6 14. Nd5 Rd6 15. Bxf6 gxf6 16. c4 Rg8 17. b4 Rc6 18. c5 Rg5 19. Re1 Kb8 20. Rad1 Rg6 21. Rd3 Rc8 22. h3 Bh6 23. h4 Rg4 24. g3 Rg6 25. a4 Bg7 26. a5 Bf8 27. a6 Qxa6 28. Rxd4 Bxc5 29. bxc5 exd4 30. Qf4+ Ka8 31. Nc7+ Rxc7 32. Qxc7 Rg8 33. Qxf7 Rb8 34. Qxh7 Qa5 35. Rc1 Qa3 36. Rc4 Qd3 37. Qf7 Qb1+ 38. Kh2 Qf1 39. Rc2 Qb1 40. Ra2 d3 41. Qd5 Rc8 42. Rd2 a6 43. Rxd3 Qc2 44. Qf5 Qxc5 45. Qxf6 Ka7 46. Kg2 Re8 47. Rd5 Qc4 48. Rd4 Qc3 49. Qd6 Qc6 50. Qxc6 bxc6 51. Kf3 1-0

[Event "GER-ch22 final (Women) email"]
[Site "GER email"]
[Date "2010.10.05"]
[Round "?"]
[White "Schaffrinna, Anke"]
[Black "Schuster, Petra"]
[Result "1-0"]
[WhiteElo "2023"]
[BlackElo "1779"]
[PlyCount "117"]
[EventDate "2010.10.18"]
[EventType "tourn (corr)"]
[EventRounds "10"]
[EventCountry "GER"]
[SourceTitle "Corr 2015"]
[Source "ChessBase"]
[SourceDate "2015.07.17"]
[SourceVersion "1"]
[SourceVersionDate "2015.07.17"]
[SourceQuality "1"]
[WhiteTeam "Germany"]
[BlackTeam "Germany"]
[WhiteTeamCountry "GER"]
[BlackTeamCountry "GER"]

1. e4 e5 2. Nf3 Nc6 3. Bc4 Bc5 4. c3 Nf6 5. d3 a6 6. 0-0 0-0 7. Bb3 d6 8. Nbd2 Ba7 9. a4 Nh5 10. Kh1 Qf6 11. h3 Nf4 12. Nc4 Be6 13. Bxf4 Qxf4 14. Ncd2 Bd7 15. a5 Ne7 16. Ba4 Be6 17. Bb3 Bd7 18. Ba4 Bc8 19. d4 Ng6 20. Re1 Qf6 21. Nc4 Be6 22. Ne3 Nh4 23. Nxh4 Qxh4 24. d5 Bc8 25. Qf3 Qf4 26. Qxf4 exf4 27. Nd1 f6 28. b4 Rf7 29. Kg1 Re7 30. Nb2 g5 31. Nd3 f3 32. Rac1 g4 33. gxf3 gxf3 34. Kh2 Rg7 35. Rg1 f5 36. Rxg7+ Kxg7 37. Rg1+ Kf6 38. Re1 h5 39. e5+ dxe5 40. Rxe5 Bxf2 41. Re8 Bh4 42. Kg1 Bg3 43. c4 b6 44. Bc6 Rb8 45. Bd7 bxa5 46. Rf8+ Kg5 47. Rxc8 Rxc8 48. Bxc8 a4 49. c5 a3 50. Nc1 Kf4 51. d6 cxd6 52. cxd6 Bh4 53. Bxa6 Ke5 54. d7 Kd6 55. Bb5 Kc7 56. Bc4 Kxd7 57. Nd3 Kd6 58. Kf1 Kc6 59. Ne5+ 1-0

[Event "GER-ch22 final (Women) email"]
[Site "GER email"]
[Date "2010.10.05"]
[Round "?"]
[White "Schludecker, Elke"]
[Black "Schuster, Petra"]
[Result "1-0"]
[WhiteElo "1868"]
[BlackElo "1779"]
[PlyCount "63"]
[EventDate "2010.10.18"]
[EventType "tourn (corr)"]
[EventRounds "10"]
[EventCountry "GER"]
[SourceTitle "Corr 2015"]
[Source "ChessBase"]
[SourceDate "2015.07.17"]
[SourceVersion "1"]
[SourceVersionDate "2015.07.17"]
[SourceQuality "1"]
[WhiteTeam "Germany"]
[BlackTeam "Germany"]
[WhiteTeamCountry "GER"]
[BlackTeamCountry "GER"]

1. e4 e5 2. Nf3 Nc6 3. Bb5 Bc5 4. 0-0 Qf6 5. c3 Nge7 6. Re1 Bb6 7. d4 h6 8. Na3 0-0 9. Nc4 d6 10. a4 exd4 11. a5 Bc5 12. b4 dxc3 13. bxc5 dxc5 14. e5 Qg6 15. e6 Bxe6 16. Nce5 Nxe5 17. Nxe5 Qf6 18. Qd3 Nd5 19. Bc4 Rad8 20. Bxd5 Bxd5 21. Qxc3 Rfe8 22. Bb2 Qg5 23. Nf3 Rxe1+ 24. Rxe1 Bxf3 25. Qxf3 b5 26. axb6 cxb6 27. h3 b5 28. Qc6 b4 29. Re8+ Kh7 30. Rxd8 Qxd8 31. Qxc5 a5 32. Qd4 1-0

[Event "GER Pyramid email"]
[Site "GER email"]
[Date "2008.06.30"]
[Round "?"]
[White "Schuster, Petra"]
[Black "Rothhaar, Udo"]
[Result "0-1"]
[WhiteElo "2000"]
[BlackElo "2177"]
[PlyCount "86"]
[EventDate "2005.??.??"]
[EventType "tourn (corr)"]
[EventRounds "9"]
[EventCountry "GER"]
[SourceTitle "Corr 2011"]
[Source "ChessBase"]
[SourceDate "2010.08.31"]
[SourceVersion "1"]
[SourceVersionDate "2010.08.31"]
[SourceQuality "1"]

1. d4 e5 2. dxe5 Nc6 3. Nf3 Qe7 4. Bf4 Qb4+ 5. Nbd2 Qxf4 6. e3 Qb4 7. b3 d5 8. Bd3 Bg4 9. 0-0 Nxe5 10. h3 Bxf3 11. Nxf3 Bd6 12. Ng5 Nf6 13. Qe2 0-0 14. a3 Qh4 15. Nf3 Nxf3+ 16. Qxf3 Ne4 17. Bxe4 dxe4 18. Qe2 Rfe8 19. b4 Re6 20. Rad1 Rg6 21. f3 Qxh3 22. f4 Rg3 23. Rf2 Re8 24. Rd5 Qe6 25. Ra5 a6 26. Kh2 Rg6 27. Kg1 Qg4 28. Qxg4 Rxg4 29. Rd5 h6 30. c4 Rg3 31. Re2 g5 32. c5 Bf8 33. f5 Bg7 34. Red2 Rxe3 35. Rf2 Be5 36. Rfd2 Bg3 37. Rd1 Kg7 38. c6 bxc6 39. Rd7 Bd6 40. Rf1 Kf6 41. Ra1 Re2 42. Rxd6+ cxd6 43. a4 Kxf5 0-1